00713nam a2200181 a 4500008004100000020001800041050001500059100001900074245008400093250001600177260003600193300002800229350001000257650001500267995010100282999001700383952013100400200722s2015 ||||||||||||||||| || u a9781471829734 aBF 121 Gro aGross, Richard10aPsychology: The science of mind and behaviour .(7th edition).cBy Richard Gross a7th edition aLondon bHodder Educationc2015 a992 page:illustrations  a54.19 3aPSYCHOLOGY FCBU-MAIN LIBRARY (Kitwe)I54.19M1UAVAILABLEWJul 24, 2020ZMain Library Open Access Collection c55245d55245 00102lcc4070a001b001cMain Library Open Access Collectiond2022-11-30l0oBF 121 Grop750444r2022-11-30w2022-11-30y002